00866nam a2200169Ia 4500999001700000008004100017100002900058245005400087250000800141260002900149300000800178650003500186942001200221952015500233952015400388952015400542 c10859d10859191201s2009 xx 000 0 und d aSINGH, Mahendra Prasad  0aCoalition Politics in India: Problems & Prospects a1st aNew DelhibManoharc2004 a338 aBachelor of Mass Communication 2ddccBK 00102ddc40708BMCaPIETNCRbPIETNCRd2021-09-01eKirti PrakashanfIN Rupeesg795.00kIN2432l0pN1918r2021-09-02 00:00:00v596.25w2021-09-01yREF 00102ddc40708BMCaPIETNCRbPIETNCRd2021-09-01eKirti PrakashanfIN Rupeesg795.00kIN2432l0pN1919r2021-09-02 00:00:00v596.25w2021-09-01yBK 00102ddc40708BMCaPIETNCRbPIETNCRd2021-09-01eKirti PrakashanfIN Rupeesg795.00kIN2432l0pN1920r2021-09-02 00:00:00v596.25w2021-09-01yBK